000 00375nam a2200157Ia 4500
008 221030s9999 xx 000 0 und d
020 _a0074633112
041 _aEnglish
082 _a105.23
_bBal
100 _aE. Balagurusamy
245 0 _aNumerical Methods
_cby E. Balagurusamy
260 _bTMH
_aNew Delhi
_c1999
300 _a608
650 _aBE Computer
942 _cBK
999 _c4780
_d4780